000 00678nam a2200229 4500
001 1962
003 OSt
005 20260415061735.0
008 260415b |||||||| |||| 00| 0 eng d
020 _a978-1538132913
040 _ccentral library
050 _a020.230
082 _a020.35
_bASA
100 _aSalaba Athena
_qAthena Salaba
245 _aCataloging and Classification
_bAn Introduction
_cAthena Salaba
_hENGLISH
250 _aFifth
260 _aNew Delhi
_bRowman & Littlefield
_c2023
300 _a‎ 790 p.
_c17.78 x 4.12 x 25.4 cm
600 _2CATALOGING
_aAthena Salaba
700 _aChan Lois Mai
_q Lois Mai Chan
942 _2ddc
_n0
_cBK
_eFIFTH
_k020.35
_mASA
999 _c1962
_d1962